000 00545nam a2200193Ia 4500
005 20250508170132.0
008 008 250505s9999 xx 000 0 hin d
037 _aTheses
040 _aFEDL
_beng
_cFEDL
041 _ahin
_2eng
084 _a491.4307, TEE/TH
_qFEDL
100 _aTeena Kumari
_9780471
245 0 _aBharthari ka bhasha darshan aur arth bodh
260 _c2021
300 _a75p.
546 _aPh.D Thesis (Delhi University); C D Included
942 _cTH
_h491.4307, TEE/TH
999 _c1399389
_d1399389